000 00893nam a2200229Ii 4500
003 JO-AjNU
008 230605s9999||||xx |||||||||||||| ||und||
017 _a2011/2421
020 _a978-977-716-010-0
040 _aJO-AjNU
_bara
_erda
_cJO-AjNU
041 _aara
050 1 4 _aK1401.2012
100 3 _aلطفي، محمد حسام محمود,
_eauthor
_944786
245 0 0 _aحقوق الملكية الفكرية: المفاهيم الأساسية، دراسة لأحكام القانون رقم 82 لسنة 2002 في ضوء آراء الفقه وأحكام القضاء المقارن
250 _aالطبعة الثانية مزيدة ومنقحة
264 3 1 _aالقاهرة: د،ن، 2012
300 _a820ص
336 _atext
_btxt
_2rdacontent
337 _aunmediated
_bn
_2rdamedia
338 _avolume
_bnc
_2rdacarrier
650 4 _aالملكية الفكرية
_944787
999 _aA19365
_c22933
_d22933